000 00609cam a22002051 4500
001 af 49000689
003 DLC
005 20260227110916.0
008 800128s1943 gw 000 0 ger c
010 _aaf 49000689
035 _a(OCoLC)5919796
040 _aYale Univ. Library
_cNcU
_dDLC
050 0 0 _aPQ4416
_b.G6
100 1 _aGlässer, Edgar.
245 1 0 _aDantes Pietas in der Wertwelt der Commedia.
260 _aHalle (Saale)
_bM. Niemeyer,
_c1943.
300 _a70 p.
_bfront.
_c24 cm.
600 0 0 _aDante Alighieri,
_d1265-1321.
_tDivina commedia.
600 0 0 _aDante Alighieri,
_d1265-1321
_xReligion.
999 _c6697
_d6697